Geography Quiz

Random Geography or Asia Quiz

The Indonesia Quiz Stats

Quiz Updated Dec 6, 2016

Also try: The Argentina Quiz
Challenge
Share
Tweet
Embed
Score 0/50 Timer 07:00
9 Plays Today
Hint Answer % Correct
Official LanguageIndonesian
91.5%
Flag ColorRed
90.7%
Flag ColorWhite
90.1%
Capital CityJakarta
89.3%
Largest CityJakarta
88.9%
Largest ReligionIslam
86.7%
Lowest Point (0 m)Indian Ocean
86.3%
Drives on the...Left
84.7%
Bordering OceanPacific Ocean
84%
Bordering CountryMalaysia
83.8%
Bordering OceanIndian Ocean
83.6%
Most Popular SportFootball (Soccer)
80.3%
Second Largest ReligionChristianity
79.6%
Age of Suffrage17
78.7%
ContinentAsia
77.7%
Most Populated IslandJava
76.8%
DemonymIndonesian
76.2%
Government TypePresidential Republic
73.7%
Bordering CountryTimor-Leste
71.6%
Bordering CountryPapua New Guinea
70.5%
Independence fromThe Netherlands
69.2%
Largest ProvincePapua
68.1%
Official NameRepublic of Indonesia
66.6%
Internet TLD.id
65.8%
Most Visited IslandBali
65.7%
Hint Answer % Correct
Country with Reversed Flag PatternPoland
56.8%
Country with Identical Flag PatternMonaco
46.1%
Colonial NameDutch East Indies
39.8%
CurrencyIndonesian Rupiah (IDR)
37.5%
First PresidentSukarno
37.2%
# of Administrative Divisions34
33.3%
Date of Independence (Declared)August 17, 1945
28.1%
Second Largest CitySurabaya
26.3%
PresidentJoko Widodo
25.9%
National MottoBhinneka Tunggal Ika (Unity in Diversity)
23.1%
Third Largest CityBandung
22.2%
Parliament Upper HouseRegional Representative Council
17.5%
Largest LakeLake Toba
17.4%
World's Largest Buddhist TempleBorobudur
15.4%
Highest Point (4,884 m)Carstensz Pyramid
12.8%
Parliament Lower HousePeople's Representative Council
12.3%
National AnimalKomodo dragon
12.3%
Oldest Institution of Higher LearningUniversity of Indonesia
11.7%
1815 Volcano EruptionMount Tambora
11.1%
Longest River (1,143 km)Kapuas River
10.9%
Largest StadiumGelora Bung Karno Main Stadium
9.3%
Largest ExportCoal Briquettes
6.9%
National BirdJavan hawk-eagle
5.3%
World's Largest Gold MineGrasberg Mine
3.9%
National FlowerJasminum sambac (Arabian Jasmine)
3.9%

You're not logged in!

Compare scores with friends on all Sporcle quizzes.
Join for Free
OR
Log In

You Might Also Like...

Show Comments

Extras

Top Quizzes Today


Score Distribution

Your Account Isn't Verified!

In order to create a playlist on Sporcle, you need to verify the email address you used during registration. Go to your Sporcle Settings to finish the process.

Report this User

Report this user for behavior that violates our Community Guidelines.

Details: